000 00351nam a2200145Ia 4500
008 150201s2012 xx 000 0 und d
082 _a610.73
_bF12D
100 _aDEWIT, SUSAN C.
245 _aFUNDAMENTAL CONSEPTS & SKILLS FOR NURSING
250 _a3RD
260 _bELSEVIER
_aINDIA
_c2012
300 _a964
650 _aNURSING
942 _2ddc
_cBK
999 _c2296
_d2296